|
|
|
|
| LEADER |
01732nam a22004214a 4500 |
| 001 |
EBC302409 |
| 003 |
MiAaPQ |
| 005 |
20200520144314.0 |
| 006 |
m o d | |
| 007 |
cr cn||||||||| |
| 008 |
050725s2006 nyua sb 001 0 eng |
| 010 |
|
|
|z 2005021259
|
| 015 |
|
|
|a GBA598635
|2 bnb
|
| 016 |
7 |
|
|z 013342664
|2 Uk
|
| 020 |
|
|
|z 0765613417 (hardcover : alk. paper)
|
| 020 |
|
|
|z 0765613425 (pbk. : alk. paper)
|
| 035 |
|
|
|a (MiAaPQ)EBC302409
|
| 035 |
|
|
|a (Au-PeEL)EBL302409
|
| 035 |
|
|
|a (CaPaEBR)ebr10178071
|
| 035 |
|
|
|a (CaONFJC)MIL91236
|
| 035 |
|
|
|a (OCoLC)476081529
|
| 040 |
|
|
|a MiAaPQ
|c MiAaPQ
|d MiAaPQ
|
| 050 |
|
4 |
|a HD30.28
|b .M684 2006
|
| 082 |
0 |
4 |
|a 658.4/012
|2 22
|
| 100 |
1 |
|
|a Mourdoukoutas, Panos.
|
| 245 |
1 |
0 |
|a Business strategy in a semiglobal economy
|h [electronic resource] /
|c Panos Mourdoukoutas.
|
| 260 |
|
|
|a Armonk, N.Y. :
|b M.E. Sharpe,
|c c2006.
|
| 300 |
|
|
|a xv, 213 p. :
|b ill.
|
| 504 |
|
|
|a Includes bibliographical references (p. 197-207) and index.
|
| 505 |
0 |
|
|a Introduction : the rise of the semiglobal economy -- The highly globalized segment -- The highly localized segment -- Vision -- Competitive strategy -- Coordination -- Communication -- Motivation -- The future of the semiglobal corporation.
|
| 533 |
|
|
|a Electronic reproduction. Ann Arbor, MI : ProQuest, 2015. Available via World Wide Web. Access may be limited to ProQuest affiliated libraries.
|
| 650 |
|
0 |
|a Strategic planning.
|
| 650 |
|
0 |
|a Globalization.
|
| 650 |
|
0 |
|a International business enterprises.
|
| 650 |
|
0 |
|a Competition, International.
|
| 655 |
|
4 |
|a Electronic books.
|
| 710 |
2 |
|
|a ProQuest (Firm)
|
| 856 |
4 |
0 |
|u https://ebookcentral.proquest.com/lib/matrademy/detail.action?docID=302409
|z Click to View
|